[Event "HUN-chT2 0102"]
[Site "Hungary"]
[Date "2002.03.24"]
[Round "9"]
[White "Gombar, Janos"]
[Black "Guld, Attila"]
[Result "1/2-1/2"]
[WhiteElo "2177"]
[BlackElo "2145"]
[PlyCount "81"]
[EventDate "2001.??.??"]
[EventType "team"]
[EventRounds "11"]
[EventCountry "HUN"]
[SourceTitle "EXT 2004"]
[Source "ChessBase"]
[SourceDate "2003.11.25"]
[SourceVersion "1"]
[SourceVersionDate "2003.11.25"]
[SourceQuality "1"]

1. e4 c5 2. Nf3 d6 3. d4 cxd4 4. Nxd4 Nf6 5. Nc3 e6 6. Bc4 a6 7. Be3 Nbd7 8. Bb3 Nc5 9. f3 Qc7 10. g4 b5 11. g5 Nfd7 12. Qe2 Nb6 13. Qf2 Bd7 14. h4 b4 15. Nd1 a5 16. a3 a4 17. axb4 axb3 18. Rxa8+ Nxa8 19. bxc5 bxc2 20. Qxc2 dxc5 21. Nb3 c4 22. Nd2 Bb4 23. Kf2 Nb6 24. b3 0-0 25. Nxc4 Nxc4 26. Qxc4 Qa5 27. Qd4 Bb5 28. Qa7 Ba6 29. Qb6 Qa2+ 30. Kg3 Ba5 31. Qa7 Qe2 32. Nf2 Be1 33. h5 f5 34. gxf6 Rxf6 35. Rxe1 Qxe1 36. Qa8+ Rf8 37. Qxa6 Qxe3 38. Qxe6+ Kh8 39. Qg4 Qxb3 40. Nh3 Qe3 41. Ng5 1/2-1/2

[Event "HUN-chT2 0102"]
[Site "Hungary"]
[Date "2002.01.13"]
[Round "5"]
[White "Kovacs, Tamas"]
[Black "Guld, Attila"]
[Result "1-0"]
[WhiteElo "2209"]
[BlackElo "2145"]
[PlyCount "53"]
[EventDate "2001.??.??"]
[EventType "team"]
[EventRounds "11"]
[EventCountry "HUN"]
[SourceTitle "EXT 2004"]
[Source "ChessBase"]
[SourceDate "2003.11.25"]
[SourceVersion "1"]
[SourceVersionDate "2003.11.25"]
[SourceQuality "1"]

1. d4 d5 2. c4 c6 3. Nc3 Nf6 4. cxd5 cxd5 5. Bf4 Nc6 6. e3 a6 7. Bd3 Bg4 8. f3 Bh5 9. Nge2 e6 10. Rc1 Be7 11. 0-0 0-0 12. Bg5 Bg6 13. Nf4 Bxd3 14. Nxd3 Rc8 15. Bxf6 Bxf6 16. f4 Na5 17. b3 b5 18. Qd2 Qb6 19. Nc5 Rc7 20. Ne2 Rfc8 21. Nd7 Rxd7 22. Rxc8+ Bd8 23. Rfc1 g6 24. R1c2 Kg7 25. Nc1 Nb7 26. Nd3 f6 27. R8c6 1-0

[Event "HUN-chT2 0102"]
[Site "Hungary"]
[Date "2001.12.02"]
[Round "4"]
[White "Egedi, Istvan"]
[Black "Guld, Attila"]
[Result "1/2-1/2"]
[WhiteElo "2312"]
[BlackElo "2145"]
[PlyCount "82"]
[EventDate "2001.??.??"]
[EventType "team"]
[EventRounds "11"]
[EventCountry "HUN"]
[SourceTitle "EXT 2004"]
[Source "ChessBase"]
[SourceDate "2003.11.25"]
[SourceVersion "1"]
[SourceVersionDate "2003.11.25"]
[SourceQuality "1"]

1. e4 c5 2. c3 d5 3. exd5 Qxd5 4. d4 Nf6 5. Nf3 Bg4 6. Be2 e6 7. 0-0 Be7 8. Be3 cxd4 9. cxd4 Nc6 10. Nc3 Qd6 11. h3 Bh5 12. Nb5 Qd8 13. Ne5 Bxe2 14. Qxe2 Nb4 15. Rfe1 0-0 16. a3 Nbd5 17. Rac1 a6 18. Nc3 Nxc3 19. Rxc3 Nd5 20. Rc2 Bd6 21. Bd2 Qh4 22. Qd3 Rac8 23. Nf3 Qh5 24. Rec1 Rxc2 25. Qxc2 Nf4 26. Bxf4 Bxf4 27. Qc5 Qxc5 28. Rxc5 Rd8 29. Kf1 Kf8 30. a4 Ke7 31. Ke2 f6 32. b3 Bb8 33. Rc2 Ba7 34. Rc7+ Rd7 35. Rxd7+ Kxd7 36. Kd3 Kd6 37. Kc4 e5 38. dxe5+ fxe5 39. Ng5 h6 40. Ne4+ Kc6 41. a5 b6 1/2-1/2

[Event "HUN-chT2 Maroczy 0001"]
[Site "Hungary"]
[Date "2001.03.04"]
[Round "8"]
[White "Zila, Laszlo"]
[Black "Guld, Attila"]
[Result "1/2-1/2"]
[WhiteElo "2255"]
[BlackElo "2097"]
[PlyCount "150"]
[EventDate "2000.11.26"]
[EventType "team"]
[EventRounds "11"]
[EventCountry "HUN"]
[SourceTitle "EXT 2007"]
[Source "ChessBase"]
[SourceDate "2006.11.23"]
[SourceVersion "1"]
[SourceVersionDate "2006.11.23"]
[SourceQuality "1"]
[WhiteTeam "Budapest Matador"]
[BlackTeam "Szeged Portal"]
[WhiteTeamCountry "HUN"]
[BlackTeamCountry "HUN"]

1. e4 c5 2. Nf3 d6 3. d3 g6 4. g3 Bg7 5. Bg2 Nf6 6. 0-0 0-0 7. Nc3 Nc6 8. h3 Rb8 9. Be3 Nd7 10. Qd2 b5 11. Bh6 b4 12. Bxg7 Kxg7 13. Nd5 Ba6 14. Ne3 Nf6 15. Nh2 Bb5 16. f4 a5 17. f5 Ne5 18. Rf2 Bc6 19. Re1 a4 20. fxg6 fxg6 21. g4 Qc7 22. Ref1 Nfd7 23. g5 Rxf2 24. Rxf2 Rf8 25. Nhg4 Qd8 26. h4 Rxf2 27. Qxf2 b3 28. axb3 axb3 29. Nxe5 Nxe5 30. Nd5 Bxd5 31. exd5 bxc2 32. Qxc2 Qa5 33. Qc3 Qxc3 34. bxc3 Nxd3 35. Be4 Ne5 36. Kg2 h6 37. gxh6+ Kxh6 38. Kg3 Nd7 39. Kf4 Kh5 40. Kg3 Nf6 41. Bf3+ Kh6 42. Kf4 Kg7 43. Kg5 Nh7+ 44. Kf4 Kf6 45. Bg4 Nf8 46. Ke4 Nh7 47. Kf4 Kg7 48. Bf3 Kh6 49. Be2 Nf6 50. Bf3 Nh5+ 51. Kg4 Nf6+ 52. Kf4 Ng8 53. Kg4 Kg7 54. Kg5 Nh6 55. Be2 Nf7+ 56. Kf4 Kf6 57. c4 Nh6 58. Bd3 Nf7 59. Be2 g5+ 60. hxg5+ Nxg5 61. Bf1 Nf7 62. Be2 Ne5 63. Bf1 Ng6+ 64. Ke4 Kg5 65. Bh3 Ne5 66. Bf1 Ng4 67. Be2 Nf6+ 68. Ke3 Kf5 69. Bd3+ Ke5 70. Be2 Ne8 71. Bg4 Ng7 72. Bc8 Nh5 73. Bg4 Ng3 74. Bh3 Nh5 75. Bg4 Nf4 1/2-1/2

[Event "HUN-chT2 Maroczy 0001"]
[Site "Hungary"]
[Date "2001.01.14"]
[Round "4"]
[White "Guld, Attila"]
[Black "Dudas, Peter"]
[Result "1-0"]
[WhiteElo "2097"]
[BlackElo "2159"]
[PlyCount "58"]
[EventDate "2000.11.26"]
[EventType "team"]
[EventRounds "11"]
[EventCountry "HUN"]
[SourceTitle "EXT 2007"]
[Source "ChessBase"]
[SourceDate "2006.11.23"]
[SourceVersion "1"]
[SourceVersionDate "2006.11.23"]
[SourceQuality "1"]
[WhiteTeam "Szeged Portal"]
[BlackTeam "Edeleny"]
[WhiteTeamCountry "HUN"]
[BlackTeamCountry "HUN"]

1. e4 Nf6 2. e5 Nd5 3. d4 d6 4. Nf3 Bg4 5. Be2 Nc6 6. 0-0 dxe5 7. Nxe5 Nxe5 8. dxe5 Bf5 9. c4 Nb6 10. Nc3 e6 11. Be3 Be7 12. Qxd8+ Bxd8 13. g4 Bg6 14. f4 f6 15. Rad1 Nd7 16. Bf3 c6 17. exf6 gxf6 18. Rfe1 Rg8 19. Bf2 Bf5 20. Kf1 Rxg4 21. Bxg4 Bxg4 22. Rd3 Bc7 23. Be3 b6 24. Kf2 Bf5 25. Rd2 Ke7 26. Ne2 e5 27. Rg1 Kf7 28. Ng3 Bh3 29. Nh5 exf4 1-0

[Event "HUN-ch U18"]
[Site "Balatonlelle"]
[Date "2001.??.??"]
[Round "1"]
[White "Blasko, Istvan"]
[Black "Guld, Attila"]
[Result "1-0"]
[WhiteElo "2323"]
[BlackElo "2097"]
[PlyCount "116"]
[EventDate "2001.??.??"]
[EventType "swiss"]
[EventRounds "9"]
[EventCountry "HUN"]
[SourceTitle "EXT 2002"]
[Source "ChessBase"]
[SourceDate "2001.11.25"]
[SourceVersion "1"]
[SourceVersionDate "2001.11.25"]
[SourceQuality "1"]

1. d4 d5 2. Nf3 Nf6 3. c4 c6 4. e3 Bg4 5. Qb3 Qb6 6. Ne5 e6 7. Nc3 Nbd7 8. Nxg4 Nxg4 9. Bd2 Be7 10. cxd5 exd5 11. Na4 Qxb3 12. axb3 0-0 13. b4 a6 14. Nc5 Bxc5 15. bxc5 f5 16. f3 Ngf6 17. Bd3 g6 18. 0-0 Rae8 19. Ra3 Rf7 20. Rb3 Nf8 21. g4 fxg4 22. fxg4 Ree7 23. h3 Ne4 24. Rxf7 Kxf7 25. Be1 Ne6 26. Kg2 Ke8 27. Rb6 Rf7 28. Bxe4 dxe4 29. d5 Nxc5 30. dxc6 bxc6 31. Rxc6 Nd3 32. Bh4 Rb7 33. Rxa6 Rxb2+ 34. Kg3 Kf7 35. Bf6 Rb7 36. Bd4 Re7 37. Rf6+ Ke8 38. g5 Kd7 39. Ra6 Ke8 40. Bf6 Rb7 41. Re6+ Kf7 42. Rxe4 h6 43. h4 hxg5 44. hxg5 Nc5 45. Rh4 Rb1 46. Rh7+ Ke6 47. Re7+ Kd5 48. Re5+ Kd6 49. Re8 Ne6 50. Rg8 Rb3 51. Kf3 Rb5 52. Rxg6 Nf8 53. Rg7 Ne6 54. Rg8 Rb1 55. Ra8 Rg1 56. Ra5 Nc5 57. Be7+ Kxe7 58. Rxc5 Ke6 1-0

[Event "HUN-ch U18"]
[Site "Balatonlelle"]
[Date "2001.??.??"]
[Round "5"]
[White "Guld, Attila"]
[Black "Flumbort, Andras"]
[Result "0-1"]
[WhiteElo "2097"]
[BlackElo "2359"]
[PlyCount "50"]
[EventDate "2001.??.??"]
[EventType "swiss"]
[EventRounds "9"]
[EventCountry "HUN"]
[SourceTitle "EXT 2002"]
[Source "ChessBase"]
[SourceDate "2001.11.25"]
[SourceVersion "1"]
[SourceVersionDate "2001.11.25"]
[SourceQuality "1"]

1. e4 c5 2. Nf3 Nc6 3. Nc3 e6 4. d4 cxd4 5. Nxd4 Qc7 6. Be3 a6 7. Bd3 Nf6 8. 0-0 Ne5 9. h3 Bc5 10. Kh1 d6 11. f4 Ng6 12. Qe2 0-0 13. Rae1 b5 14. Nf3 Nh5 15. Qf2 Bxe3 16. Rxe3 Nhxf4 17. Nd4 Bb7 18. a4 bxa4 19. Nxa4 f5 20. Nf3 fxe4 21. Bxe4 Bxe4 22. Rxe4 d5 23. Rb4 e5 24. Qd2 e4 25. Nd4 Nd3 0-1

[Event "HUN-ch U18"]
[Site "Balatonlelle"]
[Date "2001.??.??"]
[Round "4"]
[White "Hudecz, Viktor"]
[Black "Guld, Attila"]
[Result "0-1"]
[WhiteElo "2187"]
[BlackElo "2097"]
[PlyCount "54"]
[EventDate "2001.??.??"]
[EventType "swiss"]
[EventRounds "9"]
[EventCountry "HUN"]
[SourceTitle "EXT 2002"]
[Source "ChessBase"]
[SourceDate "2001.11.25"]
[SourceVersion "1"]
[SourceVersionDate "2001.11.25"]
[SourceQuality "1"]

1. e4 c5 2. Nf3 d6 3. d4 cxd4 4. Nxd4 Nf6 5. Nc3 a6 6. f3 e6 7. Be3 Be7 8. Qd2 Nc6 9. g4 0-0 10. 0-0-0 Nxd4 11. Bxd4 b5 12. Kb1 Bb7 13. h4 Rc8 14. Bd3 Nd7 15. Qf2 e5 16. Be3 Rxc3 17. bxc3 Qa5 18. Qe1 Rc8 19. Be2 Nc5 20. Bxc5 Rxc5 21. c4 Qa4 22. c3 bxc4 23. Ka1 d5 24. Rb1 Qc6 25. exd5 Rxd5 26. Qc1 Ra5 27. Rd1 Rxa2+ 0-1

[Event "HUN-chT2 Maroczy 0001"]
[Site "Hungary"]
[Date "2000.12.17"]
[Round "3"]
[White "Kalo, Istvan"]
[Black "Guld, Attila"]
[Result "1/2-1/2"]
[WhiteElo "1975"]
[BlackElo "2097"]
[PlyCount "120"]
[EventDate "2000.11.26"]
[EventType "team"]
[EventRounds "11"]
[EventCountry "HUN"]
[SourceTitle "EXT 2007"]
[Source "ChessBase"]
[SourceDate "2006.11.23"]
[SourceVersion "1"]
[SourceVersionDate "2006.11.23"]
[SourceQuality "1"]
[WhiteTeam "Ujszasz"]
[BlackTeam "Szeged Portal"]
[WhiteTeamCountry "HUN"]
[BlackTeamCountry "HUN"]

1. e4 c5 2. c4 d6 3. Ne2 e5 4. g3 g6 5. Bg2 Bg7 6. Nbc3 Be6 7. d3 Nc6 8. 0-0 Qd7 9. Nd5 h6 10. Nec3 Nge7 11. Be3 f5 12. f4 0-0 13. Qd2 Kh7 14. Nxe7 Qxe7 15. Nd5 Bxd5 16. exd5 exf4 17. Bxf4 Nd4 18. Rae1 Qd7 19. Be3 Rae8 20. Kh1 Rf7 21. Bxd4 Bxd4 22. Rxe8 Qxe8 23. Re1 Re7 24. Rxe7+ Qxe7 25. Bf3 Qe5 26. Qe2 Bxb2 27. Qxe5 Bxe5 28. Kg2 Kg7 29. Bd1 Kf6 30. Kf3 Bd4 31. Ba4 g5 32. h3 h5 33. Be8 g4+ 34. Kg2 gxh3+ 35. Kxh3 Kg5 36. a4 Bf2 37. Kg2 Be1 38. Kf3 Bc3 39. Bd7 Be5 40. Bc8 b6 41. Bd7 Bd4 42. Be8 Bc3 43. Bf7 Be1 44. Be8 h4 45. gxh4+ Bxh4 46. Bd7 Be1 47. Bc8 Bd2 48. Ke2 Bc1 49. Kf3 Kf6 50. Bd7 Ke5 51. Bc8 Bh6 52. Bd7 Bc1 53. Bc8 f4 54. Bd7 Kd4 55. Bf5 Ke5 56. Bd7 Kd4 57. Bf5 Ke5 58. Bd7 Kd4 59. Bf5 Ke5 60. Bd7 Kd4 1/2-1/2

[Event "HUN-ch U16"]
[Site "Paks"]
[Date "2000.04.18"]
[Round "5"]
[White "Guld, Attila"]
[Black "Reiss, Tibor"]
[Result "1/2-1/2"]
[WhiteElo "2098"]
[BlackElo "2255"]
[PlyCount "96"]
[EventDate "2000.04.14"]
[EventType "tourn"]
[EventRounds "9"]
[EventCountry "HUN"]
[SourceTitle "EXT 2004"]
[Source "ChessBase"]
[SourceDate "2003.11.25"]
[SourceVersion "1"]
[SourceVersionDate "2003.11.25"]
[SourceQuality "1"]

1. e4 c5 2. Nf3 e6 3. d4 cxd4 4. Nxd4 a6 5. Bd3 Nf6 6. 0-0 Qc7 7. Qe2 d6 8. c4 Nbd7 9. Nc3 b6 10. Be3 Bb7 11. f3 Be7 12. Rac1 0-0 13. Rfd1 Rac8 14. Qf2 Qb8 15. Bf1 Bd8 16. b4 Bc7 17. g3 Qa8 18. Nb3 Rfd8 19. Bg2 d5 20. exd5 exd5 21. c5 bxc5 22. Nxc5 Nxc5 23. Bxc5 Nd7 24. Bd4 Bd6 25. b5 Rc4 26. Be3 Rdc8 27. bxa6 Bxa6 28. Ne2 Rc2 29. Rxc2 Rxc2 30. Rd2 Rxd2 31. Bxd2 Bxe2 32. Qxe2 Qxa2 33. Bf1 d4 34. Qe8+ Nf8 35. Be1 Qe6 36. Qxe6 fxe6 37. f4 Kf7 38. Kf2 Kf6 39. Kf3 e5 40. Ke4 Ne6 41. fxe5+ Bxe5 42. Bd2 g5 43. Be2 h6 44. h4 Bxg3 45. hxg5+ hxg5 46. Bxg5+ Kxg5 47. Bc4 Ng7 48. Kxd4 Kf4 1/2-1/2

[Event "HUN-chT2 9899"]
[Site "Hungary"]
[Date "1999.??.??"]
[Round "?"]
[White "Guld, Attila"]
[Black "Diamant, Tibor"]
[Result "1/2-1/2"]
[WhiteElo "2035"]
[BlackElo "2105"]
[PlyCount "38"]
[EventDate "1998.??.??"]
[EventType "team"]
[EventRounds "12"]
[EventCountry "HUN"]
[SourceTitle "EXT 2000"]
[Source "ChessBase"]
[SourceDate "1999.11.16"]
[SourceVersion "1"]
[SourceVersionDate "1999.11.16"]
[SourceQuality "1"]

1. e4 c5 2. Nf3 Nc6 3. d4 cxd4 4. Nxd4 g6 5. c4 Nf6 6. Nc3 Nxd4 7. Qxd4 d6 8. Be3 Bg7 9. Be2 0-0 10. Qd2 Be6 11. 0-0 Qa5 12. Rac1 Rfc8 13. b3 a6 14. f3 b5 15. Nd5 Qxd2 16. Bxd2 Nxd5 17. cxd5 Bd7 18. Rxc8+ Rxc8 19. Rc1 Bd4+ 1/2-1/2